00285nam a2200121Ia 4500008004100000082001800041100001800059245003000077250001200107260002800119300000800147650000800155191201s2013 xx 000 0 und d a658.0072bBAB aBAJPAI, Naval 0aBusiness Research Methods aIMP 3rd aN. delhibpearsonc2013 a762 aBBA